Top 30 Busiest Airports in the World Quiz Stats

Quiz not verified by Sporcle

Challenge
Share
Tweet
Embed
Score 0/30 Timer 05:00
0 Plays Today
Country Airport % Correct
United KingdomLondon Heathrow International Airport
97%
United StatesLos Angeles International Airport
96.5%
United StatesChicago O'Hare International Airport
96%
JapanTokyo International Airport
95.6%
ChinaBeijing Capital International Airport
95.1%
FranceParis Charles De Gaulle International Airport
94.6%
SpainMadrid Barajas International Airport
93.9%
SingaporeSingapore Changi International Airport
92.9%
ItalyRome Fiumicino International Airport
92.5%
United Arab EmiratesDubai International Airport
92%
NetherlandsAmsterdam Schiphol International Airport
91.8%
United StatesAtlanta Hartsfield-Jackson International Airport
91.5%
ThailandBangkok Suvarnabhumi International Airport
91.1%
TurkeyIstanbul Ataturk International Airport
91.1%
United StatesNew York John F Kennedy International Airport
90.9%
Country Airport % Correct
ChinaShanghai Pudong International Airport
90.2%
United StatesDallas Fort-Worth International Airport
89.9%
United StatesMiami International Airport
89.7%
ChinaHong Kong International Airport
89.2%
United StatesSan Francisco International Airport
87.6%
GermanyMunich Franz Joseph Strauss International Airport
86.6%
United StatesHouston George Bush Intercontinental Airport
85%
IndonesiaSoekarno Hatta International Airport
84.7%
MalaysiaKuala Lumpur International Airport
82.9%
GermanyFrankfurt am Main International Airport
80%
United StatesDenver International Airport
79.3%
United StatesPhoenix Sky Harbor International Airport
69.3%
United StatesLas Vegas McCarran International Airport
67.8%
ChinaGuangzhou Baiyun International Airport
64.6%
United StatesCharlotte Douglas International Airport
53.8%

You're not logged in!

Compare scores with friends on all Sporcle quizzes.
Join for Free
OR
Log In

You Might Also Like...

Show Comments

Extras

Top Quizzes Today


Score Distribution

Your Account Isn't Verified!

In order to create a playlist on Sporcle, you need to verify the email address you used during registration. Go to your Sporcle Settings to finish the process.

Report this User

Report this user for behavior that violates our Community Guidelines.

Details: